01092nam a2200253 a 4500008004100000020003200041040002500073041001300098044001100111080001600122100003300138245016300171250001300334260004900347300003400396500016600430700003500596700003500631700003000666700002400696958000600720999001700726952009500743951122s1986||||[C 0 slo c c18 Kčs. q(18000 výtl.) aSNKbslocSNKeAACR21 aslohrus axocSK a141.82(081)1 aLenin, Vladimir Iljič4aut10aZobrané spisy. /Zv./ 31bMarec-apríl 1917cVladimir Iljič Lenin ; Vladimir Iľjič Lenin, Viktória Dorotjaková, Mária Filkusová, Oto Takáč a2., vyd. aBratislavabPravdac1986eBratislavafPravda a791 s., 33,77 AHbFot.c20 cm aLit. 208. Životopis. údaje. Reg. men., lit. prác a prameňov. Pozn. Zozn. nenájdených prác V. I. Lenina. Faksim. rkp. 208 zázn. v slov. a češ.1 aLenin, Vladimir Iľjič4aut1 aDorotjaková, Viktória4trl1 aFilkusová, Mária4trl1 aTakáč, Oto4bkd aA c15448d15448 011040708Ka10000b10000d2019-11-29g18.00i14473oK 026r2019-11-29w2019-11-29yOLDO